Russian Federation : Staff Report for the 2001 Article IV Consultation and Post-Program Monitoring Discussions.

This paper assesses the Russian Federation's 2001 Article IV Consultation and Post-Program Monitoring Discussions. Improved economic performance and reduced external vulnerability were reflected in a strengthening of financial market indicators in 2001. The Russian stock market doubled in U.S....

Full description

Bibliographic Details
Corporate Author: International Monetary Fund
Format: Journal
Language:English
Published: Washington, D.C. : International Monetary Fund, 2002.
Series:IMF Staff Country Reports; Country Report ; No. 2002/074
Online Access:Full text available on IMF
LEADER 01734cas a2200241 a 4500
001 AALejournalIMF008136
008 230101c9999 xx r poo 0 0eng d
020 |c 5.00 USD 
020 |z 9781451833003 
022 |a 1934-7685 
040 |a BD-DhAAL  |c BD-DhAAL 
110 2 |a International Monetary Fund. 
245 1 0 |a Russian Federation :   |b Staff Report for the 2001 Article IV Consultation and Post-Program Monitoring Discussions. 
264 1 |a Washington, D.C. :  |b International Monetary Fund,  |c 2002. 
300 |a 1 online resource (50 pages) 
490 1 |a IMF Staff Country Reports 
500 |a <strong>Off-Campus Access:</strong> No User ID or Password Required 
500 |a <strong>On-Campus Access:</strong> No User ID or Password Required 
506 |a Electronic access restricted to authorized BRAC University faculty, staff and students 
520 3 |a This paper assesses the Russian Federation's 2001 Article IV Consultation and Post-Program Monitoring Discussions. Improved economic performance and reduced external vulnerability were reflected in a strengthening of financial market indicators in 2001. The Russian stock market doubled in U.S. dollar terms, bond spreads narrowed significantly, and rating agencies upgraded Russia's debt. The near- to medium-term outlook remains favorable. The recent successes in building up strong external and fiscal positions should enable Russia to deal with the current less favorable external environment with the prevailing policy framework. 
538 |a Mode of access: Internet 
830 0 |a IMF Staff Country Reports; Country Report ;  |v No. 2002/074 
856 4 0 |z Full text available on IMF  |u http://elibrary.imf.org/view/journals/002/2002/074/002.2002.issue-074-en.xml  |z IMF e-Library